| 000 | 00674nam a22002297a 4500 | ||
|---|---|---|---|
| 005 | 20170124110128.0 | ||
| 010 | _a992090 | ||
| 020 | _c00.00 | ||
| 035 | _a992090 | ||
| 037 | _bCen Lib/ Ret | ||
| 040 |
_aDPL _bEN |
||
| 082 |
_aN _bSHO |
||
| 100 |
_aSholokhov, Mikhail _9102104 |
||
| 245 |
_aHarvest on the don : _cby Mikhail Sholokhov; traslated from the russian by H.C. Stevens _ba sequel to vigin soil upturned / |
||
| 260 |
_aLondon _bPutnam and Company _c1960 |
||
| 270 | _bLondon | ||
| 300 |
_a399p. _c20cm(Hb) |
||
| 650 |
_aRussian Literature _9102105 |
||
| 650 |
_aRussian Fiction _9102106 |
||
| 700 |
_aStevens, H.C. _9102107 |
||
| 942 |
_2ddc _cEN _hN _mSHO |
||
| 999 |
_c131441 _d131441 |
||